000 01578nam a2200265Ia 4500
999 _c49245
_d49245
001 16159
003 GE_BSU
005 20250130114623.0
008 181216s2014||||ge |||||||||||||| ||geo||
020 _a9789941434983
040 _cGE_BSU
041 _ageo
080 _a94(479.222.5)+39(479.22)მ-45
100 _aმგელაძე, ვლადიმერ.
_924181
245 _aპეტრე უმიკაშვილი და ოსმალობისდროინდელი სამხრეთ საქართველო /
_cვლადიმერ მგელაძე, რედ. მ.ფაღავა, ნ. მგელაძე.
264 _aბათუმი :
_bბათუმის შოთა რუსთაველის სახელმწიფო უნივერსიტეტი,
_c2014.
300 _a297 გვ.:
_b21 სმ.
_cფოტო.
300 _eბიბლ.გვ.281-294
653 _aსამხრეთ საქართველოს ისტორია.
653 _aსაქართველოს ეთნოგრაფია. ქართული დიალექტოლოგია.
700 _aფაღავა, მამია
_eრედაქტორი
_924182
700 _aმგელაძე, ნუგზარ
_eრედაქტორი
_924183
710 _aბათუმის შოთა რუსთაველის სახელმწ. უნ-ტის ქართველოლოგიის ცენტრი
_924184
942 _cBK
_2udc